Hauptstädte der Welt ohne A im Namen - Statistiken

Allgemein
  • Dieses Quiz wurde 247 mal gespielt
    234 seit der letzten Aktualisierung
  • Das Durchschnittsergebnis liegt bei 28 aus 47
Antwortstatistiken
Hint Antwort % Korrekt
Europa Berlin
99%
Oslo
96%
Bern
92%
Helsinki
92%
London
92%
Wien
92%
Stockholm
91%
Rom
90%
Brüssel
87%
Dublin
86%
Luxemburg
84%
Tokio
80%
Peking
78%
Minsk
76%
Vilnius
76%
Kiew
74%
Tunis
71%
Wellington
70%
Neu-Delhi
66%
Skopje
64%
Seoul
60%
Quito
59%
Amerika Kingston
58%
Kingstown
58%
Asien Beirut
57%
Tiflis
57%
Montevideo
55%
Tripolis
54%
Bischkek
50%
Phnom-Penh
47%
Dili
46%
Sucre
46%
Georgetown
45%
Freetown
43%
Lome
42%
Port Moresby
42%
Thimphu
41%
Port Louis
36%
Moroni
35%
Porto-Novo
34%
Colombo
33%
Libreville
32%
Afrika Bloemfontein
30%
Bridgetown
30%
Lilongwe
30%
Windhuk
29%
Ozeanien Ngerulmud
24%
Keine übereinstimmenden Quizze gefunden
Verteilung der Resultate
Anzahl Personen mit jedem Resultat
Perzentil nach korrekt beantworteten Fragen
Ihre Resultats-Entwicklung
Sie haben dieses Quiz seit der letzten Aktualisierung nicht gespielt